| 000 | 00673nam a22002177a 4500 | ||
|---|---|---|---|
| 999 |
_c4965 _d4965 |
||
| 003 | AR-CdUCM | ||
| 008 | 190311b ||||| |||| 00| 0 spa d | ||
| 040 |
_aMUNICIPALIDAD PROVINCIAL DEL CUSCO _cBIBLIOTECA MUNICIPAL DEL CUSCO |
||
| 082 |
_a869.56 / _bC23 |
||
| 100 |
_aCano Torres, Oscar _915217 |
||
| 245 |
_aAlarido : _bPoemário andino / |
||
| 260 |
_aArequipa : _bTipografía Ampuero, _c1947. |
||
| 300 |
_a51 paginas ; _c21 cm. |
||
| 500 | _aDonación familia Nieto. | ||
| 505 | _aContenido :Poemário andino. | ||
| 650 |
_aPoesías peruanas _91481 |
||
| 650 |
_aLiteratura peruana _9169 |
||
| 650 |
_aHistorietas _910786 |
||
| 942 |
_2ddc _cLIBROS |
||
| 945 | _arum | ||